Spieler gesucht!-Spieler anhand ihrer Karriere erraten #3 - Statistiken

Allgemein
  • Dieses Quiz wurde 156 mal gespielt
  • Das Durchschnittsergebnis liegt bei 12 aus 16
Antwortstatistiken
Verein Verein Verein Verein Verein Verein Verein Spieler % Korrekt
AS Monaco PSG Kylian Mbappé
97%
VfB Stuttgart RBLeipzig Chelsea FC RB Leipzig TottenhamHotspur Timo Werner
95%
VfLBochum Schalke 04 BayernMünchen Leon Goretzka
93%
ManchesterCity U18 Borussia Dortmund Manchester United BorussiaDortmund Jadon Sancho
91%
AjaxAmsterdam BayernMünchen LiverpoolFC Ryan Gravenberch
77%
SevillaFC RealMadrid Paris SG SevillaFC Sergio Ramos
77%
LiverpoolFC Manchester City ChelseaFC Raheem Sterling
75%
AS Cannes GirondinsBordeaux JuventusTurin Real Madrid Karriereende Zinédine Zidane
73%
InstitutoAC USPalermo JuventusTurin AS Rom Paulo Dybala
68%
Peñarol UDAlmería BenficaLissabon LiverpoolFC Darwin Núñez
67%
BenficaLissabon AtléticoMadrid Chelsea FC AtléticoMadrid FCBarcelona João Félix
67%
FCSantos RealMadrid Rodrygo
66%
Grenoble Foot FC Tours Montpellier ArsenalFC ChelseaFC ACMailand Olivier Giroud
63%
LiverpoolFC LA Galaxy Karriereende Steven Gerrard
63%
RosarioCentral BenficaLissabon RealMadrid Manchester United Paris SG JuventusTurin BenficaLissabon Angel di Maria
62%
BorussiaMönchengaldbach RealMadrid Grasshoppers Karriereende Günter Netzer
31%
Keine übereinstimmenden Quizze gefunden
Verteilung der Resultate
Anzahl Personen mit jedem Resultat
Perzentil nach korrekt beantworteten Fragen
Ihre Resultats-Entwicklung
Sie haben dieses Quiz noch nicht gespielt